personnages marvel - Statistiques

Statistiques générales
  • Ce quiz a été pris 444 fois
  • Le résultat moyen est 10 sur 15
Statistiques - réponses
Hint Réponse % Correct
1 iron man
99%
2 captain america
96%
3 hulk
96%
4 thor
96%
5 black widow
86%
14 spider man
84%
6 hawkeye
76%
15 ant man
63%
8 vision
60%
9 wanda
53%
7 nick fury
41%
12 war machine
39%
11 bucky
32%
10 sam
20%
13 black panthere
19%
Aucun quiz correspondant
Distribution des résultats
% des personnes avec chaque résultat
Percentile par nombre de réponses
Votre historique - résultats
Vous n’avez pas pris ce quiz